Průvodce studiem economics

Na minha lista:
Detalhes bibliográficos
Autor principal: Havel, Jiří
Formato: Livro
Idioma:tcheco
Publicado em: Praha ALEKO 1991
Edição:1. vyd.
Tags: Adicionar Tag
Sem tags, seja o primeiro a adicionar uma tag!

MARC

LEADER 00000nam a2200000 4500
001 c024220
005 20221214101719.5
041 0 |a cze 
044 |a CZ 
245 1 0 |a Průvodce studiem economics  |c Jiří Havel a kol. 
250 |a 1. vyd. 
264 1 |a Praha  |b ALEKO  |c 1991 
300 |a 240 s. 
100 1 |a Havel, Jiří